000 00848nas a2200253 4500
001 BR2012009605
003 BR-BrBNA
005 20231205121635.0
007 ta
008 230509b bl.|||p| |||| 00| 00por d
040 _aBR-BrBNA
_bpor
_cBiblioteca Nacional de Agricultura
041 _a(Pt)
072 _aL40
100 1 _aMarcelino, M.L.V.
100 1 _aDonatelli, R.J.
100 1 _aPosso, S.R.
245 1 _aOsteologia e miologia cranianas de Eurypyga helias (Palla, 1781)(Gruiformes: Eurypygidae)comparada com outros Gruiformes
650 _aAVE ORNAMENTAL
650 _aCRÂNIO
650 _aANATOMIA ANIMAL
773 0 _tBoletim do Museu Paraense Emílio Goeldi. Ciências Naturais (Brazil)
_xISSN 1981-8114
_g(Jan-Apr 2007), v. 2(1) p. 69-86
_wBR2012009605
909 _a202311
_bLúcia
_c55
_dLúcia Elande
942 _2AGRIS
_n0
_cANA
999 _c224513
_d224513